| 000 | 00407cam a22001097a 4500 | ||
|---|---|---|---|
| 008 | 180718b xxu||||| |||| 00| 0 eng d | ||
| 082 | _aK1201x54 In2cs | ||
| 245 |
_aCompilation of rules and regulations of the central secretariat services _cby Department of Personnel, India |
||
| 260 |
_aDelhi _bGovernment of India Press _c |
||
| 500 | _aContents: Library has 1971, 1981 | ||
| 700 | _aIndia. Department of Personnel | ||
| 999 |
_c499686 _d499686 |
||